Paris et bonheur / (Record no. 94734)

MARC details
000 -LEADER
campo de control de longitud fija 00514nam a2200169 i 4500
001 - NÚMERO DE CONTROL
campo de control 94734
003 - IDENTIFICADOR DE NÚMERO DE CONTROL
campo de control ES-MaACL
005 - FECHA Y HORA DE LA ÚLTIMA TRANSACCIÓN
campo de control 20230906181537.0
007 - CAMPO FIJO DE DESCRIPCIÓN FÍSICA--INFORMACIÓN GENERAL
campo de control de longitud fija t|
008 - DATOS DE LONGITUD FIJA--INFORMACIÓN GENERAL
campo de control de longitud fija 050512s1910 fr ||||1| fre d
100 1# - ENTRADA PRINCIPAL--NOMBRE DE PERSONA
Nombre de persona Lubbock, John
Títulos y otros términos asociados al nombre Sir (
Fechas asociadas al nombre 1834-1913)
9 (RLIN) 74494
245 10 - MENCIÓN DEL TÍTULO
Título Paris et bonheur /
Mención de responsabilidad, etc. par Lord Avebury, P. J.; traduit de l'anglais par Auguste Monod.
260 ## - PUBLICACIÓN, DISTRIBUCIÓN, ETC.
Lugar de publicación, distribución, etc. Paris :
Nombre del editor, distribuidor, etc. [s. n.],
Fecha de publicación, distribución, etc. 1910 (
Fabricante Imp. Levé)
300 ## - DESCRIPCIÓN FÍSICA
Extensión 247 p. ;
Dimensiones 27 cm.
700 1# - ENTRADA AGREGADA--NOMBRE PERSONAL
Nombre de persona Monod, Auguste.
9 (RLIN) 82253
852 ## - LOCALIZACIÓN
Ubicación ES-MaACL
Número de control de estantería F-11849
Holdings
Estatus retirado Estado de pérdida Estado de daño No para préstamo Biblioteca de origen Biblioteca actual Ubicación en estantería Fecha de adquisición Fuente de adquisición Total de préstamos Signatura topográfica completa Código de barras Visto por última vez Precio de reemplazo Tipo de ítem Koha
        Biblioteca del Ateneo de Madrid Biblioteca del Ateneo de Madrid Sala Pecera Planta 2 17/01/2008     F-11849 1098935 23/02/2023 23/02/2023 Libro impreso